|
|
|
|
| LEADER |
00000nam0a2200000 4500 |
| 001 |
361683 |
| 005 |
20231102011419.0 |
| 035 |
|
|
|a (RuTPU)RU\TPU\retro\19029
|
| 090 |
|
|
|a 361683
|
| 100 |
|
|
|a 20210629d1962 km y0gery50 ba
|
| 101 |
0 |
|
|a ger
|
| 102 |
|
|
|a DE
|
| 105 |
|
|
|a a g 001zy
|
| 200 |
1 |
|
|a Mathematische formeln
|f H.-J. Bartsch
|
| 205 |
|
|
|a 4. Auflage
|
| 210 |
|
|
|a Leipzig
|c Veb Fachbuchverlag
|d 1962
|
| 215 |
|
|
|a 476 s.
|c il.
|
| 320 |
|
|
|a Literaturverzeichniss: s. 457-458
|
| 320 |
|
|
|a Sachwortverzeichnis: s. 459-476
|
| 606 |
1 |
|
|a Математика
|2 stltpush
|3 (RuTPU)RU\TPU\subj\67327
|9 83171
|
| 610 |
1 |
|
|a формулы
|
| 610 |
1 |
|
|a арифметика
|
| 610 |
1 |
|
|a геометрия
|
| 610 |
1 |
|
|a расчеты
|
| 610 |
1 |
|
|a равенства
|
| 610 |
1 |
|
|a функции
|
| 610 |
1 |
|
|a векторы
|
| 610 |
1 |
|
|a тригонометрия
|
| 610 |
1 |
|
|a дифференциалы
|
| 610 |
1 |
|
|a интегралы
|
| 610 |
1 |
|
|a ряды
|
| 610 |
1 |
|
|a погрешности
|
| 610 |
1 |
|
|a вероятности
|
| 610 |
1 |
|
|a числа
|
| 610 |
1 |
|
|a логарифмы
|
| 610 |
1 |
|
|a применение
|
| 610 |
1 |
|
|a немецкий язык
|
| 675 |
|
|
|a 51(035)
|v 4
|
| 700 |
|
1 |
|a Bartsch
|b H.-J.
|g Hans-Jochen
|
| 801 |
|
1 |
|a RU
|b 63413507
|c 20210629
|
| 942 |
|
|
|c BK
|